| 000 | 00625nam a2200229Ia 4500 | ||
|---|---|---|---|
| 005 | 20260320201938.0 | ||
| 008 | 008 262003s9999 xx 000 0 eng d | ||
| 037 | _aEBOOK | ||
| 040 | _aCRL | ||
| 040 | _beng | ||
| 040 | _cCRL | ||
| 041 | _2eng | ||
| 041 | _aeng | ||
| 084 | _qCRL | ||
| 100 |
_aNavlani _91136384 |
||
| 245 | 0 | _aPython Data Analysis: Perform data collection, data processing, wrangling, visualization, and model building using Python | |
| 260 | _bIEEE | ||
| 856 | _uhttps://ieeexplore.ieee.org/servlet/opac?bknumber=10163464 | ||
| 942 | _cEBOOK | ||
| 999 |
_c1724417 _d1724417 |
||